| 000 | 00470nam a2200169Ia 4500 | ||
|---|---|---|---|
| 999 |
_c10328 _d10328 |
||
| 003 | OSt | ||
| 005 | 20220311175500.0 | ||
| 008 | 220308s9999 xx 000 0 und d | ||
| 020 | _a9781568980546 | ||
| 082 |
_a720.1 _bKAT |
||
| 100 | _a Kate Nesbitt | ||
| 245 | 0 | _aTheorizing A New Agenda for Architecture; An Anthology of Architectural Theory-1965-1995 | |
| 260 | _b Princeton Architectural Press (1 March 1996) | ||
| 365 | _cUSD | ||
| 365 | _d50 | ||
| 942 | _2ddc | ||